000 00543nam a2200181Ia 4500
005 20250508151217.0
008 008 250505s9999 xx 000 0 eng d
037 _aTextual
040 _aFEDL
_beng
_cFEDL
041 _aeng
_2eng
084 _a372.6, MCK
_qFEDL
100 _aMcKee Paul
_9140292
245 0 _aLanguage in the elementary school : Composition, spelling and writing
260 _aBoston, USA
_bHoughton Mifflin Company
_c1939
300 _axii,500p
942 _cTEXL
_h372.6, MCK
999 _c1328238
_d1328238